Pedagogické čítanie zo slovenského jazyka /

Hlavní autor: Chrupka, Anton
Další autoři: Červenák, Juraj, 1914-1997
Jazyk: Slovenština
Vydáno: Bratislava : Slovenské pedagogické nakladateľstvo, 1972
Vydání: 1. vyd.
Edice: Pedagogické čítanie ;
Témata:
Fyzický popis: 120 s.
Knihy
Uloženo v:
LEADER 01234nam a22003372a 4500
001 000344709
003 CZ BrMZK
005 20180926070958.0
007 ta
008 010907s1972 xo e slo d
040 |a BOA001  |b cze 
072 7 |a 811.162  |x Západoslovanské jazyky  |2 Konspekt  |9 11 
080 |a 811.162.4  |2 MRF 
080 |a 373.3.016  |2 MRF 
080 |a (035)  |2 MRF 
100 1 |a Chrupka, Anton  |7 ola2009522949 
245 1 0 |a Pedagogické čítanie zo slovenského jazyka /  |c Anton Chrupka, Juraj Červenák 
250 |a 1. vyd. 
260 |a Bratislava :  |b Slovenské pedagogické nakladateľstvo,  |c 1972 
300 |a 120 s. 
490 1 |a Pedagogické čítanie 
504 |a Obsahuje bibliografii 
650 0 7 |a slovenština  |7 ph125682  |2 czenas 
650 0 7 |a učivo základních škol  |7 ph136701  |2 czenas 
655 7 |a příručky  |7 fd133209  |2 czenas 
700 1 |a Červenák, Juraj,  |d 1914-1997  |7 mzk2002113411 
830 0 |a Pedagogické čítanie ; 
910 |a BOA001  |b PK-A-0013.836  |b 1-0694.063 
990 |a BK 
996 6 |b 2619524367  |c 1-0694.063  |l MZK  |r Sklad / do 1 hodiny  |n 0  |w 000344709  |u 000020  |a 1  |e BOA001  |j MZK50  |s P 
996 7 |b 3119806455  |c PK-A-0013.836  |l MZK  |r Sklad / do 1 hodiny  |n 0  |w 000344709  |u 000010  |a 1  |e BOA001  |j MZK50  |s A